000 00880nam a22002897a 4500
001 BR2012005388
003 BR-BrBNA
005 20230928104035.0
007 ta
008 230509b bl.||||| |||| 00| 0 por d
040 _aBR-BrBNA
_bpor
_cBiblioteca Nacional de Agricultura
041 _a(Por)
072 _aE50
090 _ E50 BR2012005388
100 1 _aChaves, M.P.
110 1 _aUniversidade Federal de Lavras, MG (Brasil)
_0Tese (Mestrado)
245 1 _aA institucionalização das políticas públicas de turismo em âmbito municipal no Brasil
260 3 _aLavras, MG (Brasil):
_c2011.
300 _a287 p.
500 _aSummaries (Eng, Por); Bibliography p. 208-216; 7 tables
650 _aTURISMO
650 _aPOLÍTICAS PÚBLICAS
650 _aHISTÓRIA
650 _aPOLÍTICA GOVERNAMENTAL
909 _a202309
_bLucia
_c55
_dLucia Elande
942 _cBK
999 _c77822
_d77822